Navarra y América

Kaydedildi:
Detaylı Bibliyografya
Asıl Yazarlar: Andrés-Gallego, José (director científico, coordinador), Bosco Amores, Juan (Yazar)
Materyal Türü: Kitap
Dil:İspanyolca
Baskı/Yayın Bilgisi: Madrid MAPFRE 1992
Konular:
Etiketler: Etiketle
Etiket eklenmemiş, İlk siz ekleyin!

MARC

LEADER 00000nam a2200000 a 4500
001 UCX6898
003 CL-VaPUC
008 930827e19920000SP |||||||||||||||||spa|d
082 0 4 |a 946.52  |b AND  |2 21 
100 |a Andrés-Gallego, José  |e director científico   |e coordinador   |9 323572 
700 0 |a Bosco Amores, Juan  |e author  |9 323573 
245 1 0 |a Navarra y América 
300 |a 521 p 
942 |c BK 
945 |d 19930827 00:00:00 
260 |a Madrid  |b MAPFRE  |c 1992 
650 7 |a COLONIAS HISTORIA  |2 CL-VaPUC  |9 323411 
650 7 |a DESCUBRIMIENTO Y EXPLORACIONES  |2 CL-VaPUC  |9 323574 
651 0 |a España  |9 254926 
651 0 |a América  |9 255182 
651 7 |a NAVARRA, ESPAÑA  |2 CL-VaPUC  |9 315605 
583 |a last modification  |c 19930827 00:00:00  |k Rodrigo Vera 
999 |c 226839  |d 226837 
952 |0 0  |1 0  |4 0  |6 946_520000000000000_AND_1992  |7 0  |8 A  |9 225455  |a BIBHIS  |b BIBHIS  |d 2019-11-15  |i 294152K  |o 946.52 AND 1992  |p 294152K  |r 2025-01-20  |w 2019-11-15  |y BK  |k HIS